| 000 | 00927nam2a2200241 i 4500 | ||
|---|---|---|---|
| 001 | RU\NLR\BIBL_A\010426234 | ||
| 005 | 20240728152422.0 | ||
| 010 |
_a9785699715800 _930000 |
||
| 021 |
_aRU _b2014-38373 _92338 |
||
| 035 | _a(NLR Aleph) 010426234 | ||
| 090 |
_a9834136 _c9834136 |
||
| 100 | _a20140718d2014 u y0rusy50 ca | ||
| 101 | 1 |
_arus _cfre |
|
| 102 | _aRU | ||
| 105 | _ay ||z||||||a | ||
| 200 | 0 | _aТ. 2 | |
| 210 | _d2014 | ||
| 215 | _a220, [2] с. | ||
| 461 | 0 |
_1001RU\NLR\BIBL_A\010454626 _12000#$aРоза Йорков$e[роман]$fЖюльетта Бенцони$g[пер. с фр. М. Кожевниковой]$vТ. 2 _1700#1$aБенцони$bЖ.$f1920-$gЖюльетта _99944797 _aБенцони, Ж. (1920-) _cМосква _d2014 _fЖюльетта Бенцони _nЭксмо _o[роман] _tРоза Йорков _y9785699715800 _vТ. 2 |
|
| 942 | _cBOOK | ||
| 980 | _aNBR | ||